00808nam a2200205 a 4500008004100000020001500041050001600056100001800072245008400090250001200174260004000186300002400226350000900250500006500259650001600324650004900340995008000389999001700469952011600486120416s2000 ||||||||||||||||| || u a0750641924 aTK 7867 Mar aMarston, R. M10aNewness passive and discrete circuits: electronic circuits pocket book volume 2 a2nd ed. aOxfordbButterworth-Heinemannc2000 aviii, 384 p. : ill. a0.00 a'Electronic circuits pocket book Volume 2.' -Includes index. 0aELECTRONICS aINTEGRATED CIRCUITS--HANDBOOKS, MANUALS, ETC D0.00FCBU-MAIN LIBRARY (Kitwe)H1I9.90M1UREFERENCEZReference Collection c52240d52240 00102lcc4070a001b001cReference Collectiond2022-11-30l0oTK 7867 Marp45312r2022-11-30w2022-11-30y002